Counter-Strike Esports World Cup 2025 Players - Statistics

General Stats
  • This quiz has been taken 3 times
  • The average score is 51 of 80
Answer Stats
Team Country Player % Correct
The MongolZ Mongolia 910
100%
Vitality France apEX
100%
G2 Bosnia & Herzegovina huNter-
100%
FaZe Denmark karrigan
100%
Liquid Canada Twistzz
100%
Vitality France ZywOo
100%
Natus Vincere Finland Aleksib
67%
TYLOO China Attacker
67%
Natus Vincere Ukraine b1t
67%
The MongolZ Mongolia bLitz
67%
3DMAX France bodyy
67%
FaZe Latvia broky
67%
MOUZ Sweden Brollan
67%
Spirit Russia chopper
67%
Astralis Denmark device
67%
Spirit Russia donk
67%
Virtus.pro Russia electroNic
67%
FaZe United States EliGE
67%
3DMAX France Ex3rcice
67%
Vitality Israel flameZ
67%
FaZe Slovakia frozen
67%
3DMAX France Graviti
67%
G2 Israel HeavyGod
67%
Astralis Denmark HooXi
67%
Natus Vincere Romania iM
67%
Astralis Denmark jabbi
67%
TYLOO China JamYoung
67%
MOUZ Finland Jimpphat
67%
Aurora Turkey jottAAA
67%
GamerLegion France Kursy
67%
Falcons Russia kyousuke
67%
Falcons North Macedonia kyxsan
67%
3DMAX France Lucky
67%
Falcons Russia m0NESY
67%
Aurora Turkey MAJ3R
67%
3DMAX France Maka
67%
Natus Vincere Kosovo makazze
67%
G2 Guatemala malbsMd
67%
G2 Slovakia MATYS
67%
Vitality United Kingdom mezii
67%
The MongolZ Mongolia mzinho
67%
Liquid Canada NAF
67%
Liquid Israel NertZ
67%
Falcons Bosnia & Herzegovina NiKo
67%
GamerLegion Czech Republic PR
67%
FaZe Norway rain
67%
GamerLegion Sweden REZ
67%
Vitality Estonia ropz
67%
The MongolZ Mongolia Senzu
67%
Spirit Russia sh1ro
67%
Liquid Poland siuhy
67%
MOUZ Israel Spinx
67%
Astralis Denmark Staehr
67%
Astralis Denmark stavn
67%
G2 Spain SunPayus
67%
GamerLegion Denmark Tauson
67%
The MongolZ Mongolia Techno
67%
Falcons Denmark TeSeS
67%
HEROIC Belarus tN1R
67%
MOUZ Hungary torzsi
67%
Liquid Poland ultimate
67%
Natus Vincere Ukraine w0nderful
67%
Aurora Turkey Wicadia
67%
Aurora Turkey woxic
67%
Aurora Turkey XANTARES
67%
MOUZ Israel xertioN
67%
Spirit Ukraine zont1x
67%
Spirit Russia zweih
67%
HEROIC Kazakhstan Alkaren
33%
Virtus.pro Russia fame
33%
Virtus.pro Russia FL1T
33%
Virtus.pro Kazakhstan ICY
33%
TYLOO China Jee
33%
HEROIC Sweden LNZ
33%
TYLOO China Mercury
33%
TYLOO China Moseyuh
33%
HEROIC Sweden nilo
33%
Virtus.pro Russia Perfecto
33%
HEROIC Sweden yxngstxr
33%
GamerLegion Sweden ztr
33%
No matching quizzes found
Score Distribution
Percent of People with Each Score
Percentile by Number Answered
Your Score History
You have not taken this quiz